|
|
|
|
| LEADER |
00859nab a2200193 i 4500 |
| 001 |
misc12773 |
| 005 |
20191106141533.0 |
| 008 |
170607s1976 hu o 0|| hun d |
| 022 |
|
|
|a 0025-0260
|
| 040 |
|
|
|a SZTE Miscellanea Repozitórium
|b hun
|
| 041 |
|
|
|a hun
|
| 100 |
1 |
|
|a Pálvölgyi Lajos
|
| 245 |
1 |
2 |
|a A számítógép felhasználásán alapuló pedagógiai információs rendszer egy lehetséges perspektívájának vázlata
|h [elektronikus dokumentum] /
|c Pálvölgyi Lajos
|
| 260 |
|
|
|c 1976
|
| 300 |
|
|
|a 51-75
|
| 490 |
0 |
|
|a Magyar pedagógia : a Magyar Tudományos Akadémia Pedagógiai Bizottságának folyóirata
|v 76 No. 1-2
|
| 695 |
|
|
|a Pedagógiai kutatás számítógép alkalmazása, Pedagógiai információs rendszer
|
| 700 |
0 |
1 |
|a Pázmán Péter
|e aut
|
| 856 |
4 |
0 |
|u http://misc.bibl.u-szeged.hu/12773/1/mp_1976_001_002_5214_051-075.pdf
|z Dokumentum-elérés
|